[Event "RLP-ch Seniors 27th"]
[Site "Hoeheinoed"]
[Date "2008.07.04"]
[Round "6"]
[White "Fess, Klaus"]
[Black "Waibel, Dieter"]
[Result "1-0"]
[WhiteElo "1807"]
[BlackElo "1541"]
[PlyCount "67"]
[EventDate "2008.06.29"]
[EventType "swiss"]
[EventRounds "7"]
[EventCountry "GER"]
[SourceTitle "EXT 2009"]
[Source "ChessBase"]
[SourceDate "2008.11.26"]
[SourceVersion "1"]
[SourceVersionDate "2008.11.26"]
[SourceQuality "1"]

1. e4 g6 2. d4 Bg7 3. Nf3 d6 4. Bc4 Bd7 5. c3 b5 6. Bb3 Nf6 7. e5 dxe5 8. dxe5 Ng4 9. Qd5 0-0 10. Qxa8 Bc6 11. Qxa7 Bxf3 12. gxf3 Nxe5 13. Qe3 Qd6 14. Nd2 Qc6 15. Rg1 Rd8 16. Bc2 f5 17. Bxf5 Qd6 18. Bc2 c5 19. f4 Nf7 20. Ne4 Qc7 21. Bd2 e5 22. 0-0-0 c4 23. f5 Bh6 24. Qe2 g5 25. h4 Kh8 26. hxg5 Bf8 27. g6 Nh6 28. Rh1 Rd7 29. Bxh6 Bxh6+ 30. Rxh6 Rg7 31. Rdh1 Kg8 32. Nf6+ Kf8 33. gxh7 e4 34. h8Q+ 1-0

[Event "RLP-ch Seniors 27th"]
[Site "Hoeheinoed"]
[Date "2008.07.03"]
[Round "5"]
[White "Minz, Michail"]
[Black "Waibel, Dieter"]
[Result "1-0"]
[WhiteElo "2147"]
[BlackElo "1541"]
[PlyCount "105"]
[EventDate "2008.06.29"]
[EventType "swiss"]
[EventRounds "7"]
[EventCountry "GER"]
[SourceTitle "EXT 2009"]
[Source "ChessBase"]
[SourceDate "2008.11.26"]
[SourceVersion "1"]
[SourceVersionDate "2008.11.26"]
[SourceQuality "1"]

1. e4 c6 2. d4 d5 3. exd5 cxd5 4. Bd3 Nc6 5. c3 Nf6 6. Bf4 e6 7. Nf3 Bd6 8. Bg3 h6 9. Qe2 a6 10. Nbd2 Qc7 11. 0-0 Bd7 12. a3 0-0 13. Bxd6 Qxd6 14. Ne5 Be8 15. Rfe1 Nd7 16. Bc2 Qe7 17. Nxc6 bxc6 18. b4 Qg5 19. g3 Qf6 20. Ba4 Nb6 21. Bc2 Bd7 22. f4 Rfe8 23. Reb1 Nc8 24. Nb3 Ne7 25. Bd3 Nf5 26. Bxa6 Nd6 27. Nc5 Bc8 28. Bd3 Re7 29. a4 g5 30. Qe5 Qxe5 31. fxe5 Nb7 32. Nb3 Nd8 33. a5 Ba6 34. Bxa6 Rxa6 35. Nc5 Ra8 36. a6 Rea7 37. Ra5 Rb8 38. Rf1 Kg7 39. Kg2 Rb6 40. g4 Rb8 41. Kg3 Rb6 42. h4 Rb8 43. hxg5 hxg5 44. Rf6 Rb6 45. Kf3 Ra8 46. Ke3 Rbb8 47. Kd3 Rb5 48. Ra4 Rb6 49. Kc2 Rab8 50. Nd7 Rb5 51. Nxb8 Rxb8 52. a7 Ra8 53. Ra6 1-0

[Event "RLP-ch Seniors 27th"]
[Site "Hoeheinoed"]
[Date "2008.07.02"]
[Round "4"]
[White "Waibel, Dieter"]
[Black "Paulsen, Eckart"]
[Result "0-1"]
[WhiteElo "1541"]
[BlackElo "1854"]
[PlyCount "78"]
[EventDate "2008.06.29"]
[EventType "swiss"]
[EventRounds "7"]
[EventCountry "GER"]
[SourceTitle "EXT 2009"]
[Source "ChessBase"]
[SourceDate "2008.11.26"]
[SourceVersion "1"]
[SourceVersionDate "2008.11.26"]
[SourceQuality "1"]

1. e4 d6 2. d4 Nf6 3. Nc3 c6 4. Bd3 e5 5. d5 Be7 6. h3 0-0 7. Be3 cxd5 8. exd5 Nbd7 9. Nge2 Nb6 10. Bxb6 Qxb6 11. 0-0 Bd7 12. b3 Rac8 13. Bc4 Ne8 14. Kh2 f5 15. a4 a6 16. Ng1 Nf6 17. Nce2 Ne4 18. f3 Nf6 19. f4 exf4 20. Nxf4 Ne4 21. Qe1 Bf6 22. Rd1 Rce8 23. h4 Be5 24. g3 Bxf4 25. Rxf4 Nf6 26. Qd2 Ng4+ 27. Kh1 Re3 28. Kg2 Rfe8 29. Qd4 Qd8 30. Bd3 g6 31. Nf3 R3e7 32. Rd2 Ne3+ 33. Kh3 b5 34. h5 Qa8 35. hxg6 hxg6 36. Qf6 Rh7+ 37. Rh4 f4+ 38. Kh2 Ng4+ 39. Kh3 Nxf6+ 0-1

[Event "RLP-ch Seniors 27th"]
[Site "Hoeheinoed"]
[Date "2008.07.01"]
[Round "3"]
[White "Gehlen, Rolf"]
[Black "Waibel, Dieter"]
[Result "0-1"]
[WhiteElo "1927"]
[BlackElo "1541"]
[PlyCount "91"]
[EventDate "2008.06.29"]
[EventType "swiss"]
[EventRounds "7"]
[EventCountry "GER"]
[SourceTitle "EXT 2009"]
[Source "ChessBase"]
[SourceDate "2008.11.26"]
[SourceVersion "1"]
[SourceVersionDate "2008.11.26"]
[SourceQuality "1"]

1. Nf3 Nf6 2. g3 b6 3. Bg2 Bb7 4. d3 h6 5. e4 d6 6. 0-0 e6 7. c3 Nbd7 8. Re1 Be7 9. Nbd2 0-0 10. Nf1 c5 11. a4 Ng4 12. Ne3 Nge5 13. Nxe5 Nxe5 14. d4 Nd7 15. d5 Nf6 16. c4 e5 17. Nf5 Bc8 18. Ne3 Bd7 19. h3 Qc8 20. g4 Nh7 21. Ra3 Bg5 22. Nf1 g6 23. Ng3 Qd8 24. Rf1 Qe7 25. f4 exf4 26. Bxf4 Bxf4 27. Rxf4 Qe5 28. Rf2 Rae8 29. Rd3 Re7 30. b3 Kg7 31. h4 Nf6 32. Bh3 Rfe8 33. Re3 h5 34. Qf1 Bxg4 35. Bg2 Nh7 36. Rd3 f6 37. Rf4 Rf7 38. Bh3 Bxh3 39. Nxh5+ Qxh5 40. Rxh3 Re5 41. Rg3 f5 42. Rgf3 Rfe7 43. Qg2 Rxe4 44. Qg3 Rxf4 45. Rxf4 Qd1+ 46. Kh2 0-1

[Event "RLP-ch Seniors 27th"]
[Site "Hoeheinoed"]
[Date "2008.06.30"]
[Round "2"]
[White "Waibel, Dieter"]
[Black "Villing, Dieter"]
[Result "0-1"]
[WhiteElo "1541"]
[BlackElo "2130"]
[PlyCount "66"]
[EventDate "2008.06.29"]
[EventType "swiss"]
[EventRounds "7"]
[EventCountry "GER"]
[SourceTitle "EXT 2009"]
[Source "ChessBase"]
[SourceDate "2008.11.26"]
[SourceVersion "1"]
[SourceVersionDate "2008.11.26"]
[SourceQuality "1"]

1. e4 e5 2. Bc4 Nf6 3. Nf3 Nc6 4. Nc3 Nxe4 5. Bd5 Nf6 6. Qe2 d6 7. h3 Nxd5 8. Nxd5 Be6 9. Nc3 Be7 10. d3 0-0 11. a3 f5 12. Bd2 Kh8 13. 0-0-0 Qd7 14. Bg5 Bf6 15. Bxf6 gxf6 16. Rhe1 d5 17. d4 e4 18. Nh2 Rg8 19. f3 Qd6 20. g4 Rae8 21. Qf2 Qf4+ 22. Kb1 fxg4 23. hxg4 Bf7 24. Ne2 Qd6 25. Ng3 Bg6 26. f4 Na5 27. f5 Bf7 28. Re3 Nc4 29. Rb3 e3 30. Qe1 Nd2+ 31. Ka2 Nxb3 32. cxb3 e2 33. Rd3 b6 0-1

[Event "Pfalz-ch Seniors 75th"]
[Site "Kaiserslautern"]
[Date "2006.04.14"]
[Round "6"]
[White "Waibel, Dieter"]
[Black "Finzer, Lothar"]
[Result "0-1"]
[WhiteElo "1519"]
[BlackElo "1615"]
[PlyCount "56"]
[EventDate "2006.04.07"]
[EventType "swiss"]
[EventRounds "7"]
[EventCountry "GER"]
[SourceTitle "EXT 2007"]
[Source "ChessBase"]
[SourceDate "2006.11.23"]
[SourceVersion "1"]
[SourceVersionDate "2006.11.23"]
[SourceQuality "1"]

1. e4 c6 2. d4 d5 3. Nc3 e6 4. a3 h6 5. e5 Bd7 6. Be3 Qc7 7. Bd3 Ne7 8. b4 Nf5 9. f4 Nxe3 10. Qe2 Nf5 11. g4 Nxd4 12. Qf2 c5 13. Nf3 Nxf3+ 14. Qxf3 cxb4 15. Ne2 bxa3 16. 0-0 Bc5+ 17. Kg2 Nc6 18. c3 0-0-0 19. Ng3 g5 20. Rfe1 Rdf8 21. Nh5 Ne7 22. Kg3 Ng6 23. Bxg6 fxg6 24. Nf6 gxf4+ 25. Qxf4 Be7 26. Qd4 Rxf6 27. Qxa7 Rf7 28. c4 Bc5 0-1

[Event "Pfalz-ch Seniors 75th"]
[Site "Kaiserslautern"]
[Date "2006.04.13"]
[Round "5"]
[White "Reimer, Karl"]
[Black "Waibel, Dieter"]
[Result "1-0"]
[WhiteElo "1559"]
[BlackElo "1519"]
[PlyCount "71"]
[EventDate "2006.04.07"]
[EventType "swiss"]
[EventRounds "7"]
[EventCountry "GER"]
[SourceTitle "EXT 2007"]
[Source "ChessBase"]
[SourceDate "2006.11.23"]
[SourceVersion "1"]
[SourceVersionDate "2006.11.23"]
[SourceQuality "1"]

1. b4 e5 2. Bb2 f6 3. a3 d5 4. e3 Bd6 5. c4 c6 6. cxd5 cxd5 7. Nc3 Ne7 8. Nb5 a6 9. Nxd6+ Qxd6 10. Nf3 0-0 11. Be2 Nbc6 12. 0-0 Ng6 13. Rc1 Bg4 14. g3 Bh3 15. Re1 e4 16. Nd4 Qd7 17. d3 Nxd4 18. Bxd4 Qf5 19. dxe4 dxe4 20. Rc5 Ne5 21. Bf1 Nf3+ 22. Kh1 Qe6 23. Bc4 Qxc4 24. Rxc4 Rfd8 25. Qb1 Nxe1 26. Qxe1 Bg4 27. Kg1 Rac8 28. Qc3 Rxc4 29. Qxc4+ Kh8 30. Qb3 Bf3 31. Qc4 h5 32. Qc7 Rd5 33. Qxb7 Rg5 34. h4 Rf5 35. Qc8+ Kh7 36. Qxf5+ 1-0

[Event "Pfalz-ch Seniors 75th"]
[Site "Kaiserslautern"]
[Date "2006.04.10"]
[Round "4"]
[White "Waibel, Dieter"]
[Black "Paulsen, Eckart"]
[Result "1/2-1/2"]
[WhiteElo "1519"]
[BlackElo "1669"]
[PlyCount "139"]
[EventDate "2006.04.07"]
[EventType "swiss"]
[EventRounds "7"]
[EventCountry "GER"]
[SourceTitle "EXT 2007"]
[Source "ChessBase"]
[SourceDate "2006.11.23"]
[SourceVersion "1"]
[SourceVersionDate "2006.11.23"]
[SourceQuality "1"]

1. e4 e6 2. d4 c5 3. Nf3 cxd4 4. Nxd4 a6 5. Bd3 Qb6 6. c3 Nf6 7. Qc2 e5 8. Nb3 d6 9. Be3 Qd8 10. f3 Be6 11. N1d2 Nc6 12. Bc4 d5 13. exd5 Bxd5 14. Bd3 Rc8 15. Bf5 Nd7 16. Qd3 Ne7 17. Bxd7+ Qxd7 18. Qe2 Nf5 19. Bf2 Be7 20. Qxe5 0-0 21. 0-0 Rfe8 22. g4 Nh4 23. Bd4 Bf6 24. Qg3 Bxd4+ 25. Nxd4 Ng6 26. Rae1 b5 27. a3 Ne7 28. h4 Ba8 29. Ne4 Bxe4 30. Rxe4 Nd5 31. Rfe1 Rxe4 32. fxe4 Nf6 33. g5 Nh5 34. Qf3 g6 35. Rf1 Rf8 36. Rd1 Qc7 37. Re1 Re8 38. Re2 Qg3+ 39. Qxg3 Nxg3 40. Re3 Nxe4 41. Nb3 Nd6 42. Rxe8+ Nxe8 43. Nc5 Nc7 44. Kf2 Kg7 45. b3 f6 46. c4 fxg5 47. hxg5 Kf7 48. cxb5 axb5 49. a4 bxa4 50. bxa4 Ke7 51. a5 Kd6 52. Ne4+ Kc6 53. Kf3 Ne6 54. Kg3 Kc7 55. Kg4 Kb7 56. Nd6+ Ka6 57. Ne4 Kxa5 58. Nf6 Nf8 59. Kf4 Kb5 60. Ke5 Kc5 61. Ne4+ Kc6 62. Kf6 Kd5 63. Nf2 Ne6 64. Ng4 Kd6 65. Ne5 Nxg5 66. Nxg6 Ne4+ 67. Kg7 h5 68. Kh6 Nf6 69. Kg5 Ke6 70. Nf4+ 1/2-1/2

[Event "Pfalz-ch Seniors 75th"]
[Site "Kaiserslautern"]
[Date "2006.04.09"]
[Round "3"]
[White "Frantzke, Helmut"]
[Black "Waibel, Dieter"]
[Result "1-0"]
[WhiteElo "1791"]
[BlackElo "1519"]
[PlyCount "109"]
[EventDate "2006.04.07"]
[EventType "swiss"]
[EventRounds "7"]
[EventCountry "GER"]
[SourceTitle "EXT 2007"]
[Source "ChessBase"]
[SourceDate "2006.11.23"]
[SourceVersion "1"]
[SourceVersionDate "2006.11.23"]
[SourceQuality "1"]

1. e4 e6 2. d3 Nc6 3. Nf3 h6 4. g3 Bc5 5. Bg2 Nge7 6. 0-0 Nd4 7. Ne1 e5 8. c3 Ne6 9. d4 exd4 10. cxd4 Bxd4 11. Nc2 Bb6 12. Be3 c6 13. a4 a5 14. Nba3 Bc7 15. Nc4 b6 16. Nd6+ Bxd6 17. Qxd6 0-0 18. f4 f5 19. Rfd1 Rf6 20. e5 Rg6 21. Nd4 Nxf4 22. Bxf4 Rxd6 23. exd6 Nd5 24. Bxd5+ cxd5 25. Nxf5 Bb7 26. Ne7+ Kh7 27. Rac1 b5 28. Rc7 Ba6 29. axb5 Bxb5 30. Rxd5 Qb8 31. Be5 a4 32. Rdc5 a3 33. bxa3 Rxa3 34. Rc8 Qb6 35. Kg2 Bc6+ 36. R5xc6 dxc6 37. d7 Rd3 38. Rg8 Rd2+ 39. Kh3 Rxh2+ 40. Kxh2 Qf2+ 41. Kh3 Qf1+ 42. Kg4 Qe2+ 43. Kf5 Qf3+ 44. Ke6 Qb3+ 45. Kd6 Qb4+ 46. Kxc6 Qc4+ 47. Kd6 Qb4+ 48. Kc7 Qc5+ 49. Kb7 Qb5+ 50. Kc8 Qa6+ 51. Kc7 Qa7+ 52. Kd6 Qa3+ 53. Ke6 Qa6+ 54. Kf7 Qa2+ 55. Ke8 1-0

[Event "Pfalz-ch Seniors 75th"]
[Site "Kaiserslautern"]
[Date "2006.04.07"]
[Round "1"]
[White "Jaeger, Erich"]
[Black "Waibel, Dieter"]
[Result "1/2-1/2"]
[WhiteElo "1740"]
[BlackElo "1519"]
[PlyCount "91"]
[EventDate "2006.04.07"]
[EventType "swiss"]
[EventRounds "7"]
[EventCountry "GER"]
[SourceTitle "EXT 2007"]
[Source "ChessBase"]
[SourceDate "2006.11.23"]
[SourceVersion "1"]
[SourceVersionDate "2006.11.23"]
[SourceQuality "1"]

1. d4 d5 2. c4 Nf6 3. cxd5 Nxd5 4. e4 Nb6 5. Be3 e6 6. Nf3 Bb4+ 7. Nbd2 Bd7 8. a3 Bxd2+ 9. Qxd2 Bc6 10. Bd3 N8d7 11. 0-0 h6 12. Qc2 Nf6 13. Ne5 Bd7 14. Rac1 Rc8 15. f4 c6 16. Qe2 Rc7 17. b3 Qe7 18. a4 Nc8 19. Kh1 b6 20. Bd2 a5 21. g4 Nh7 22. Rc2 Qd6 23. Be3 0-0 24. f5 exf5 25. gxf5 c5 26. Nc4 Qf6 27. dxc5 bxc5 28. Bf4 Ra7 29. Rg1 Re8 30. Qg4 Kh8 31. Rcg2 g5 32. Bc1 Kg8 33. Bb2 Qe7 34. Qh5 Qf8 35. h4 f6 36. hxg5 hxg5 37. Rh2 Bc6 38. Qg6+ Rg7 39. Qh6 Rxe4 40. Bxe4 Bxe4+ 41. Rgg2 Bxg2+ 42. Rxg2 Qe7 43. Qh2 Qe1+ 44. Rg1 Qe4+ 45. Qg2 Qh4+ 46. Qh2 1/2-1/2